Le gaming c'est fini - Squeezie (all lyrics) - Statistiques

Statistiques générales
  • Ce quiz a été pris 15 fois
  • Le résultat moyen est 219 sur 482
Statistiques - réponses
Réponse % Correct
ce
92%
fin
92%
x3 gaming
92%
gaming,
92%
le
92%
x3 Le
92%
c'est
85%
C'est
85%
fini,
85%
fini
85%
la
85%
85%
à
77%
A
77%
me
77%
chaque
69%
chose
69%
fois,
69%
fois
69%
je
69%
Je
69%
ma
69%
m'a
69%
Même
69%
même
69%
On
62%
on
62%
Avec
54%
avec
54%
de
54%
De
54%
moi
54%
Nous
54%
toi
54%
tout
54%
Tout
54%
un
54%
aussi
46%
ça
46%
En
46%
en
46%
es
46%
est
46%
et
46%
Et
46%
il
46%
Il
46%
J'ai
46%
j'ai
46%
j'ai,
46%
jusqu'à
46%
Les
46%
les
46%
l'overdose
46%
par
46%
pas
46%
pour
46%
qu'a
46%
que
46%
qui
46%
s'aime
46%
suis
46%
t'as
46%
te
46%
toute
46%
tu
46%
Tu
46%
vie
46%
comme
38%
détruit
38%
38%
du
38%
main
38%
Mais
38%
mais
38%
m'as
38%
mon
38%
Ne
38%
passer
38%
plus
38%
quand
38%
rencontré
38%
sur
38%
Tes
38%
tes
38%
t'es
38%
tous
38%
y
38%
alors
31%
amis
31%
autres
31%
blesse
31%
coeur
31%
compris
31%
dans
31%
des
31%
Encore
31%
entendu
31%
étaient
31%
était
31%
forts
31%
j'me
31%
j't'ai
31%
l'gaming
31%
lui
31%
magnifique
31%
matin
31%
micromania
31%
mieux,
31%
mort
31%
nom
31%
non
31%
parfait,
31%
Pourquoi
31%
qu'un
31%
rayon
31%
récréation
31%
t'ai
31%
t'étais
31%
ton
31%
top 1
31%
100
23%
1v1
23%
ado
23%
Aladin
23%
aller
23%
aperçu
23%
apporté
23%
aucun
23%
Aussitôt
23%
avait
23%
avouer
23%
ballons
23%
battement
23%
belle
23%
besoin
23%
campé
23%
celui
23%
c'était
23%
choisi
23%
commencé
23%
contre
23%
d'bonheur
23%
déco
23%
d'être
23%
deux
23%
dingue
23%
d'merde
23%
dois
23%
dont
23%
d'yeux
23%
faisait
23%
film,
23%
fond
23%
gros
23%
hésité,
23%
heures
23%
hypnotisé
23%
jaloux,
23%
Jamais
23%
Jasmine
23%
j'détruis
23%
j'dois
23%
j'étais
23%
j'laisserai
23%
j'm'énerve
23%
j'nous
23%
J'pensais
23%
j'pensais
23%
j'rageais
23%
j'refuse
23%
juré,
23%
juste
23%
j'vois
23%
l'ai
23%
lancé
23%
l'installation
23%
l'oubli
23%
maison
23%
malgré
23%
m'appellent
23%
médias
23%
m'empêchant
23%
menus,
23%
Mes
23%
mettais
23%
monde
23%
m'quittant
23%
(nan)
23%
n'avais
23%
notre
23%
oublié
23%
parlait
23%
pendant
23%
personne
23%
personnes
23%
pirater
23%
plaquer
23%
plein
23%
pognon
23%
prétendant
23%
Promis
23%
qu'c'est
23%
qu'mon
23%
qu'on
23%
ramené
23%
regardé
23%
relation
23%
rentré
23%
répondre
23%
reste
23%
rien
23%
saturés
23%
s'brise
23%
seront
23%
serveurs
23%
seul
23%
sois
23%
son
23%
sosies
23%
subit
23%
tant
23%
t'éloigner
23%
temps
23%
tentant
23%
tienne
23%
titre
23%
tombé
23%
trop
23%
unis
23%
voyais
23%
Youtuber
23%
bébé
15%
cadeau
15%
classes
15%
connaître
15%
détruis
15%
d'Habbo
15%
d'la
15%
d'scolarité
15%
ensemble,
15%
Ho
15%
j'aurais
15%
jouables
15%
J'vais
15%
J'veux
15%
méfier
15%
moindres
15%
n'parlait
15%
offert
15%
peur
15%
pleuré
15%
premier
15%
putain
15%
quitter,
15%
réabo
15%
recoins
15%
Rust
15%
savoir
15%
si
15%
soirées
15%
s'passait
15%
suite
15%
défault
8%
j'viens
8%
n'aie
8%
t'aies
8%
Aucun quiz correspondant
Distribution des résultats
% des personnes avec chaque résultat
Percentile par nombre de réponses
Votre historique - résultats
Vous n’avez pas pris ce quiz